书目信息 |
| 题名: |
探索时间之谜
|
|
| 作者: | 福尔克 著 ;严丽娟 译 | |
| 分册: | ||
| 出版信息: | 海口 海南出版社 2016.05 |
|
| 页数: | 306页 | |
| 开本: | 24cm | |
| 丛书名: | ||
| 单 册: | ||
| 中图分类: | P19-49 | |
| 科图分类: | ||
| 主题词: | 时间学--普及读物 | |
| 电子资源: | ||
| ISBN: | 978-7-5443-6553-6 | |
| 000 | 01025nam0 2200277 450 | |
| 001 | 1252 | |
| 005 | 20180927163048.78 | |
| 010 | @a978-7-5443-6553-6@dCNY45.00 | |
| 100 | @a20160613d2016 em y0chiy50 ea | |
| 101 | 1 | @achi@ceng |
| 102 | @aCN@b460000 | |
| 105 | @aa z 000yy | |
| 200 | 1 | @a探索时间之谜@9tan suo shi jian zhi mi@b专著@e时间的科学和历史@f(加)丹·福尔克著@g严丽娟译 |
| 210 | @a海口@c海南出版社@d2016.05 | |
| 215 | @a306页@c图@d24cm | |
| 300 | @a科普名家经典 | |
| 312 | @a封面英文题名:In search of time: journeys along a curious dimension | |
| 330 | @a本书从广泛的角度、认知与思维来探讨时间。书中内容涵盖许多有趣的主题,从史前时代横跨到遥远的未来。 | |
| 510 | 1 | @aIn search of time@ejourneys along a curious dimension@zeng |
| 517 | 1 | @a时间的科学和历史@9shi jian de ke xue he li shi |
| 606 | 0 | @a时间学@j普及读物 |
| 690 | @aP19-49@v5 | |
| 701 | 0 | @c(加)@a福尔克@9fu er ke@c(Falk, Dan)@4著 |
| 702 | 0 | @a严丽娟@9yan li juan@4译 |
| 801 | 0 | @aCN@b91MARC@c20160705 |
| 905 | @aMuseLib@dP19-49@e260 | |
| 探索时间之谜:时间的科学和历史/(加)丹·福尔克著/严丽娟译.-海口:海南出版社,2016.05 |
| 306页:图;24cm |
| 科普名家经典 |
| ISBN 978-7-5443-6553-6:CNY45.00 |
| 本书从广泛的角度、认知与思维来探讨时间。书中内容涵盖许多有趣的主题,从史前时代横跨到遥远的未来。 |
| ● |
| 相关链接 |
|
|
|
|
正题名:探索时间之谜
索取号:P19-49/260
 
预约/预借
| 序号 | 登录号 | 条形码 | 馆藏地/架位号 | 状态 | 备注 |
| 1 | 1121909 | 211219091 | 第二样本阅览室/ [索取号:P19-49/260] | 在馆 | |
| 2 | 1121910 | 211219108 | 第三借阅区/ [索取号:P19-49/260] | 在馆 | |
| 3 | 1121911 | 211219117 | 第三借阅区/ [索取号:P19-49/260] | 在馆 | |
| 4 | 1121912 | 211219126 | 密集书库-资源管理系/ [索取号:P19-49/260] | 在馆 | |
| 5 | 1121913 | 211219135 | 第三借阅区/ [索取号:P19-49/260] | 在馆 |